| 000 -CABECERA |
| Longitud fija campo de control |
00710nam a2200217 a 4500 |
| 001 - NÚMERO DE CONTROL |
| Número de control |
2095 |
| 003 - IDENTIFICADOR DEL NÚMERO DE CONTROL |
| Identificador del número de control |
CDMR |
| 005 - FECHA Y HORA DE LA ÚLTIMA TRANSACCIÓN |
| Fecha y hora de la última transacción |
20131105110104.0 |
| 008 - CÓDIGOS DE INFORMACIÓN DE LONGITUD FIJA |
| Códigos de información de longitud fija |
130130s1985||||||||||||||||||||||||||||d |
| 020 ## - NÚMERO INTERNACIONAL NORMALIZADO PARA LIBROS |
| Número Internacional Normalizado para Libros (ISBN) |
847434297X |
| 040 ## - FUENTE DE LA CATALOGACIÓN |
| Centro catalogador de origen |
CDMR |
| Lengua de catalogación |
cat |
| Centro transcriptor |
CDMR |
| 100 1# - PUNTO DE ACCESO PRINCIPAL-NOMBRE DE PERSONA |
| Nombre de persona |
Esteve Ramírez, Francisco |
| 9 (RLIN) |
243 |
| 245 13 - MENCIÓN DE TÍTULO |
| Título |
La información laboral en la prensa española |
| Mención de responsabilidad, etc. |
Francisco Esteve Ramírez |
| 260 ## - PUBLICACIÓN, DISTRIBUCIÓN, ETC. (PIE DE IMPRENTA) |
| Lugar de publicación, distribución, etc. |
Madrid |
| Fecha de publicación, distribución, etc. |
1985 |
| Nombre del editor, distribuidor, etc. |
Ministerio de Trabajo y Seguridad Social. Servicio de Publicaciones |
| 300 ## - DESCRIPCIÓN FÍSICA |
| Extensión |
222 p. |
| Otras características físicas |
gràf. |
| 490 0# - MENCIÓN DE SERIE |
| Mención de serie |
Colección Tesis Doctorales |
| 650 04 - PUNTO DE ACCESO ADICIONAL DE MATERIA - TÉRMINO DE MATERIA |
| 9 (RLIN) |
3492 |
| Término de materia o nombre geográfico como elemento inicial |
Relacions laborals |
| Subdivisión de materia general |
Cobertura periodística |
| 650 04 - PUNTO DE ACCESO ADICIONAL DE MATERIA - TÉRMINO DE MATERIA |
| 9 (RLIN) |
2799 |
| Término de materia o nombre geográfico como elemento inicial |
Periodisme |
| Subdivisión de materia general |
Aspectes socials |
| 650 04 - PUNTO DE ACCESO ADICIONAL DE MATERIA - TÉRMINO DE MATERIA |
| 9 (RLIN) |
2742 |
| Término de materia o nombre geográfico como elemento inicial |
Premsa |
| 942 ## - ENTRADA DE ELEMENTOS AGREGADOS (KOHA) |
| Koha [por defecto] tipo de item |
Monografies |
| Fuente de clasificaión o esquema |
|